| Tag |
First Indicator |
Second Indicator |
Subfields |
| LEADER |
00000cam a2200000 4500 |
| 001 |
in00000061244 |
| 005 |
20151008051639.0 |
| 008 |
741112s1959 nyu 00000 eng u |
| 010 |
|
|
|a 59005644
|
| 035 |
|
|
|a (OCoLC)01073045
|
| 035 |
|
|
|9 AAG9171AM
|
| 040 |
|
|
|c OUN
|d TXA
|d UtOrBLW
|
| 049 |
|
|
|a TXAM
|c [303292]
|
| 050 |
0 |
0 |
|a E743.5
|b .M58
|
| 082 |
0 |
|
|a 364.13
|
| 092 |
|
|
|a 364.13
|b M883m
|
| 100 |
1 |
|
|a Morros, Boris,
|d 1895-
|
| 245 |
1 |
0 |
|a My ten years as a counterspy ;
|b as told to Charles Samuels.
|
| 264 |
|
1 |
|a New York :
|b Viking Press,
|c 1959.
|
| 300 |
|
|
|a 248 pages ;
|c 22 cm.
|
| 336 |
|
|
|a text
|b txt
|2 rdacontent
|
| 337 |
|
|
|a unmediated
|b n
|2 rdamedia
|
| 338 |
|
|
|a volume
|b nc
|2 rdacarrier
|
| 610 |
1 |
0 |
|a United States.
|b Federal Bureau of Investigation.
|
| 650 |
|
0 |
|a Espionage
|z Soviet Union
|z United States.
|
| 700 |
1 |
|
|a Samuel, Charles.
|
| 999 |
|
|
|a MARS
|
| 999 |
f |
f |
|s e0b0a12d-6828-3cb9-ae29-c503440626b0
|i 82a98247-527f-3ba7-b7d3-40b78a2e65c4
|t 0
|
| 952 |
f |
f |
|p normal
|a Texas A&M University
|b College Station
|c Policy Sciences & Economics Library
|d PSEL: Stacks
|t 0
|e E743.5 .M58
|h Library of Congress classification
|i unmediated -- volume
|m A14800812446
|
| 998 |
f |
f |
|a E743.5 .M58
|t 0
|l PSEL: Stacks
|